Ekonomika a energetika Ukrajiny

Ekonomická a sociálna situácia na Ukrajine. Prehľad základných ekonomických ukazovateľov. Vývoj ekonomiky. Energetika Ukrajiny. Tranzit ropy a plynu.

Saved in:
Bibliographic Details
Main Author: Greššová, Mária
Format: Book Chapter
Language:Slovak
Subjects:
Tags: Add Tag
No Tags, Be the first to tag this record!

MARC

LEADER 00000naa$a2200000$$$4500
001 0053841
005 20240502071625.5
041 0 |a slo 
044 |a SK 
245 1 0 |a Ekonomika a energetika Ukrajiny  |c Mária Greššová 
520 |a Ekonomická a sociálna situácia na Ukrajine. Prehľad základných ekonomických ukazovateľov. Vývoj ekonomiky. Energetika Ukrajiny. Tranzit ropy a plynu. 
610 2 0 |a ropa 
610 2 0 |a situácia hospodárska 
610 2 0 |a situácia sociálna 
610 2 0 |a Ukrajina 
610 2 0 |a ukazovatele ekonomické 
610 2 0 |a energia 
610 2 0 |a ropovody 
610 2 0 |a plyn zemný 
100 1 |a Greššová, Mária